|
|
|
|
| LEADER |
00694nam a22001691a 4500 |
| 082 |
|
|
|a M3
|b SUD/K
|
| 100 |
|
|
|a Sudhanshu Chaturvedi
|9 99391
|
| 245 |
|
|
|a Kavikulaguru Kalidasan/
|c by Sudhanshu Chaturvedi
|
| 260 |
|
|
|a Thrissur:
|b Thushara,
|c 1991.
|
| 300 |
|
|
|a 75p.
|
| 650 |
|
|
|a Novel Malayalam
|9 99392
|
| 650 |
|
|
|a Literature Malayalam
|9 99393
|
| 650 |
|
|
|a Literature
|9 99394
|
| 942 |
|
|
|c BK
|
| 999 |
|
|
|c 23481
|d 23481
|
| 952 |
|
|
|0 0
|1 0
|4 0
|6 M_3_000000000000000_SUD_K
|7 0
|9 33428
|a SSUS
|b SSUS
|d 2015-01-08
|g 16.00
|o M3 SUD/K
|p 001745
|r 2020-02-13
|v 0.00
|w 2015-01-08
|y BK
|
| 952 |
|
|
|0 0
|1 0
|4 0
|6 M_3_000000000000000_SUD_K
|7 0
|9 33429
|a SSUS
|b SSUS
|d 2015-01-08
|g 16.00
|l 1
|o M3 SUD/K
|p 001702
|r 2016-01-12
|s 2016-01-05
|v 0.00
|w 2015-01-08
|y BK
|